| 000 | 01051nam a2200241Ia 4500 | ||
|---|---|---|---|
| 008 | 0000001994 sp ad 0000000000mul00 | ||
| 090 | _aPSP00 A77m | ||
| 245 | 1 | 0 |
_aMontserrat Masdeu _c/ Art Miami International Art Exposition _c/ photos Joan Iriarte |
| 300 | _a[16] p. | ||
| 500 | _aIncluye cronología del artista \ Texto bilingue: español inglés \ Registro auspiciado por la FGAA. Bogotá | ||
| 501 | _aThe artist in her studio = Una artista en su taller / Rafael Manzano | ||
| 505 | _aOBRAS : Umbráculo, Barcelona Invernadero, Barcelona Invernadero interior, París Geranios, París Mercado de flores, Paris | ||
| 600 | 0 | 0 |
_aMASDEU, MONTSERRAT, 1947 / _xTRABAJOS PICTORICOS |
| 650 | 1 | 4 | _aARTE CONTEMPORANEO ESPAÑOL |
| 650 | 1 | 4 | _aARTISTAS PLASTICOS ESPAÑOLES EXPOSIONES |
| 650 | 1 | 4 | _xCATALOGOS |
| 650 | 1 | 4 | _xEXPOSICIONES |
| 650 | 1 | 4 | _aNATURALEZA EN EL ARTE |
| 650 | 1 | 4 | _aPINTORES ESPAÑOLES |
| 650 | 1 | 4 | _aPINTURA ESPAÑOLA |
| 700 | 1 | _aManzano, Rafael | |
| 999 |
_c10792 _d10792 |
||
| 260 |
_aMadrid : Kreisler Art Gallery _c1994 |
||